<?xml version="1.0" encoding="UTF-8"?>
<record
    xmlns:xsi="http://www.w3.org/2001/XMLSchema-instance"
    xsi:schemaLocation="http://www.loc.gov/MARC21/slim http://www.loc.gov/standards/marcxml/schema/MARC21slim.xsd"
    xmlns="http://www.loc.gov/MARC21/slim">

  <leader>00389nam a2200157Ia 4500</leader>
  <controlfield tag="008">230718s9999    xx            000 0 und d</controlfield>
  <datafield tag="041" ind1=" " ind2=" ">
    <subfield code="a">eng</subfield>
  </datafield>
  <datafield tag="082" ind1=" " ind2=" ">
    <subfield code="a">303</subfield>
    <subfield code="b">TIM</subfield>
  </datafield>
  <datafield tag="100" ind1=" " ind2=" ">
    <subfield code="a">Timperley</subfield>
    <subfield code="9">125752</subfield>
  </datafield>
  <datafield tag="245" ind1=" " ind2=" ">
    <subfield code="a">Barefoot On Broken Glass</subfield>
  </datafield>
  <datafield tag="260" ind1=" " ind2=" ">
    <subfield code="c">2001</subfield>
    <subfield code="b">Capstone</subfield>
  </datafield>
  <datafield tag="300" ind1=" " ind2=" ">
    <subfield code="a">164</subfield>
  </datafield>
  <datafield tag="365" ind1=" " ind2=" ">
    <subfield code="c">Rs.</subfield>
    <subfield code="b">981.00</subfield>
  </datafield>
  <datafield tag="700" ind1=" " ind2=" ">
    <subfield code="a">Timperley</subfield>
    <subfield code="9">125752</subfield>
  </datafield>
  <datafield tag="906" ind1=" " ind2=" ">
    <subfield code="d">B:43810-May-2001</subfield>
    <subfield code="c">OTH</subfield>
    <subfield code="b">147.15</subfield>
  </datafield>
  <datafield tag="999" ind1=" " ind2=" ">
    <subfield code="c">301830</subfield>
    <subfield code="d">301830</subfield>
  </datafield>
  <datafield tag="952" ind1=" " ind2=" ">
    <subfield code="0">0</subfield>
    <subfield code="1">0</subfield>
    <subfield code="4">0</subfield>
    <subfield code="7">0</subfield>
    <subfield code="a">CCEP</subfield>
    <subfield code="b">CCEP</subfield>
    <subfield code="d">2001-07-25</subfield>
    <subfield code="e">Technical Book Services</subfield>
    <subfield code="f">OTH</subfield>
    <subfield code="g">833.85</subfield>
    <subfield code="i">438</subfield>
    <subfield code="l">0</subfield>
    <subfield code="o">303</subfield>
    <subfield code="p">CCEP-BK-13036</subfield>
    <subfield code="r">2023-07-18 00:00:00</subfield>
    <subfield code="t">147.15</subfield>
    <subfield code="v">981.00</subfield>
    <subfield code="w">2001-05-10</subfield>
    <subfield code="y">BK</subfield>
    <subfield code="z">013036</subfield>
  </datafield>
</record>
